| 000 | 00700nam a22002657a 4500 | ||
|---|---|---|---|
| 001 | 0074 | ||
| 003 | DO-SdBNP | ||
| 005 | 20180119092539.0 | ||
| 007 | 0074 | ||
| 008 | 151118b sp 1984 ||||| |||| 00| 0 spa d | ||
| 020 | _a8401371627 | ||
| 040 |
_aBPMSU _bspa _cBPMSU |
||
| 041 | 1 | 7 |
_aspa _heng |
| 092 |
_axxxxx _bxxxxx |
||
| 100 | 1 | _aCronin, Archibald Joseph | |
| 240 | _lspa | ||
| 245 | 1 | 3 |
_aLa ciudadela / _cArchibald Joseph Cronin ; traducción Enrique Pepe |
| 246 | _aThe citadel | ||
| 260 |
_aBarcelona : _bPlaza & Janes, _c1984. |
||
| 300 |
_a411 p. : _c19 cm. |
||
| 700 | 1 | 2 |
_aPepe, Enrique, _etr. |
| 942 |
_2ddc _cBK |
||
| 945 | _aInventariado, 2018 /LP | ||
| 956 |
_aBrenda Tavárez _b10 |
||
| 999 |
_c8778 _d8778 |
||